| 000 | 00410nam a22001697a 4500 | ||
|---|---|---|---|
| 005 | 20180411152503.0 | ||
| 008 | 160616b xxu||||| |||| 00| 0 eng d | ||
| 020 | _a81-7671-050-4 | ||
| 041 | _aeng | ||
| 082 |
_b7981 _a339 |
||
| 100 |
_aBran son william H _92109 |
||
| 245 | _aMacro Economic Theory and policy | ||
| 260 |
_bEast west press _c2005 |
||
| 300 | _a645 | ||
| 650 |
_aManagement _9241 |
||
| 942 | _cBK | ||
| 999 |
_c2950 _d2949 |
||